Asas, maçãs e telescópios (Registo nº 672)
[ vista simples ]
| 000 -Etiqueta do registo | |
|---|---|
| Cabeçalho | 00697nam0a2200277 4500 |
| 005 - Identificador da versão | |
| Campo de controlo | 20240822153822.0 |
| 010 ## - Número internacional normalizado dos livros (ISBN) | |
| Número (ISBN) | 9728818483 |
| 021 ## - Número do Depósito Legal | |
| Código do país | PT |
| Número | 221646/05 |
| 035 ## - Other System Control Numbers | |
| System Control Number | 0000701 |
| System Control Number | 0000697 |
| System Control Number | 0000697 |
| System Control Number | 0000685 |
| 100 ## - Dados gerais de processamento | |
| Dados gerais de processamento | 20051114d a e0pory5003 ba |
| 101 1# - Língua de publicação | |
| Língua do texto, banda sonora, etc. | Português |
| Língua do documento no original | Italiano |
| 102 ## - Pais de publicação ou produção | |
| País de publicação | Portugal |
| 105 ## - Campo de dados codificados: livros | |
| Dados codificados dos livros | y z 001yy |
| 106 ## - Campo de dados codificados: material textual | |
| Dados codificados do material textual | r |
| 200 1# - Titulo e menção de responsabilidade | |
| Título próprio | Asas, maçãs e telescópios |
| Informação de outro título | a revolução científica |
| Primeira menção de responsabilidade | Anna Parisi |
| Outras menções de responsabilidade | il. Fabio Magnasciutti |
| -- | trad. António Maia da Rocha |
| 205 ## - Menção da edição | |
| Menção da edição | 1ª edição |
| 210 ## - Publicação, Distribuição, etc. | |
| Lugar da edição, distribuição, etc. | Lisboa |
| Nome do editor, distribuidor, etc. | Principia |
| Data da publicação, distribuição, etc. | 2005 |
| 215 ## - Descrição física | |
| Indicação específica da natureza do documento e extensão da espécie | p. 191 |
| Outras indicações físicas | il. |
| 225 2# - Colecção | |
| Título próprio da colecção | Eureca |
| Indicação de volume | 2 |
| 942 ## - Elementos de entrada adicionados (Koha) | |
| Tipo de item no Koha | Livro |
| 966 ## - Identificação da Biblioteca | |
| Sigla | NUMETECA |
| Situação do levantamento | Origin of item (home branch) (coded) | Biblioteca de empréstimo | Código de barras | Cota | Circulation type (not for loan) | Tipo de documento | Nota do exemplar | Damaged status |
|---|---|---|---|---|---|---|---|---|
| Biblioteca Escolar Eng. Nuno Mergulhão | Biblioteca Escolar Eng. Nuno Mergulhão | BENM1153 | 2005 | 501 PAR | Livro | Sem mensagem | |||
| Biblioteca Escolar Eng. Nuno Mergulhão | Biblioteca Escolar Eng. Nuno Mergulhão | BENM3177 | 2005 | 501 PAR | Livro | Sem mensagem |
